[Event "Toronto int"]
[Site "Toronto"]
[Date "1984.07.22"]
[Round "2"]
[White "Ormston, Ron"]
[Black "Malmsten, Erik"]
[Result "0-1"]
[WhiteElo "1479"]
[BlackElo "1770"]
[PlyCount "54"]
[EventDate "1984.07.21"]
[EventType "tourn"]
[EventRounds "10"]
[EventCountry "CAN"]
[SourceTitle "EXT 2022"]
[Source "ChessBase"]
[SourceDate "2021.10.06"]
[SourceVersion "1"]
[SourceVersionDate "2021.10.06"]
[SourceQuality "1"]

1. d4 e5 2. dxe5 Nc6 3. Nf3 Qe7 4. Qd5 f6 5. exf6 Nxf6 6. Qb3 b6 7. e3 Bb7 8. Be2 0-0-0 9. 0-0 g5 10. Nxg5 Rg8 11. f4 Nd4 12. Qd3 Nxe2+ 13. Qxe2 Nd5 14. Qf2 Qg7 15. g3 Bc5 16. Ne4 Nxf4 17. Qxf4 Rdf8 18. Qg5 Bxe4 19. Qxg7 Rxf1+ 20. Kxf1 Rxg7 21. c3 Bd3+ 22. Kg2 Rf7 23. b4 Bf1+ 24. Kg1 Bh3 25. Nd2 Bxe3+ 26. Kh1 Rf2 27. Nf3 Bg2+ 0-1

[Event "Canadian op U1600"]
[Site "Toronto"]
[Date "1983.07.11"]
[Round "4"]
[White "Howe, Gordon"]
[Black "Ormston, Ron"]
[Result "1-0"]
[WhiteElo "1597"]
[BlackElo "1460"]
[PlyCount "29"]
[EventDate "1983.07.09"]
[EventType "swiss"]
[EventRounds "10"]
[EventCountry "CAN"]
[SourceTitle "EXT 2022"]
[Source "ChessBase"]
[SourceDate "2021.10.06"]
[SourceVersion "1"]
[SourceVersionDate "2021.10.06"]
[SourceQuality "1"]

1. Nf3 d5 2. b3 e6 3. Bb2 Nd7 4. e3 Ngf6 5. c4 c6 6. Nc3 b6 7. Qc2 Ba6 8. cxd5 Bxf1 9. dxe6 Bxg2 10. exf7+ Kxf7 11. Ng5+ Kg8 12. Rg1 Bd5 13. Nxd5 Nxd5 14. Qxc6 N7f6 15. Qe6# 1-0